Retrouve les personnages Inazuma Eleven (Saison 3) - Statistiques

Statistiques générales
  • Ce quiz a été pris 85 fois
  • Le résultat moyen est 6 sur 10
Statistiques - réponses
Hint Réponse % Correct
1/ Capitaine D'inazuma Japon Mark Evans
100%
6/ Mentor de 5 David Evans
82%
5/ Gardien de 4 Hector Hellio
78%
3/ Equipe de 2 Orphée
69%
2/ Première adversaire que 1 rencontre sur Liocott Paolo Bianchi
68%
9/ Equipe qui a éliminé 8 Inazuma Japon
57%
7/ Ennemi de 6 Zoolan Rice
57%
4/ Equipe qui a battu 3 8-0 Petits Géants
46%
8/ Equipe entrainé par 7 Roi du football
22%
10/ Première équipe a affronter 9 dans la saison 3 Triple C
1%
Aucun quiz correspondant
Distribution des résultats
% des personnes avec chaque résultat
Percentile par nombre de réponses
Votre historique - résultats
Vous n’avez pas pris ce quiz